书目信息 |
| 题名: |
太极功夫扇
|
|
| 作者: | 李德印 , 马一枫 , 方弥寿 编著 | |
| 分册: | ||
| 出版信息: | 北京 北京体育大学出版社 2001 |
|
| 页数: | 139页 | |
| 开本: | 21cm | |
| 丛书名: | ||
| 单 册: | ||
| 中图分类: | G852.11 | |
| 科图分类: | ||
| 主题词: | 太极拳,太极功夫扇 | |
| 电子资源: | ||
| ISBN: | 7-81051-624-8 | |
| 000 | 00653nam0 2200217 45 | |
| 001 | 0405191607 | |
| 005 | 20040519162840.4 | |
| 010 | @a7-81051-624-8@dCNY15.00 | |
| 100 | @a20040519d2001 km y0chiy0120 ea | |
| 101 | 0 | @achi |
| 105 | @af z 000yy | |
| 200 | 1 | @a太极功夫扇@ATai Ji Gong Fu Shan@f李德印,马一枫,方弥寿编著@FLi De Yin,Ma Yi Feng,Fang Mi Shou Bian Zhu |
| 210 | @a北京@c北京体育大学出版社@d2001 | |
| 215 | @a139页@c图@d21cm | |
| 606 | 0 | @a太极拳,太极功夫扇 |
| 690 | @aG852.11@v4 | |
| 701 | 0 | @a李德印@4编著 |
| 701 | 0 | @a马一枫@4编著 |
| 701 | 0 | @a方弥寿@4编著 |
| 801 | @aCN@bPftUser@c20040519 | |
| 905 | @b333244-248@dG852.11@e109@f5 | |
| 太极功夫扇/李德印,马一枫,方弥寿编著.-北京:北京体育大学出版社,2001 |
| 139页:图;21cm |
| ISBN 7-81051-624-8:CNY15.00 |
| ● |
| 相关链接 |
|
|
|
|
正题名:太极功夫扇
索取号:G852.11/109
 
预约/预借
| 序号 | 登录号 | 条形码 | 馆藏地/架位号 | 状态 | 备注 |
| 1 | 0333244 | 203332447 | 第四借阅区/ [索取号:G852.11/109] | 在馆 | |
| 2 | 0333245 | 203332456 | 第四借阅区/ [索取号:G852.11/109] | 在馆 | |
| 3 | 0333246 | 203332465 | 第四借阅区/ [索取号:G852.11/109] | 在馆 | |
| 4 | 0333247 | 203332474 | 第四借阅区/ [索取号:G852.11/109] | 在馆 | |
| 5 | 0333248 | 203332483 | 第一样本阅览室/ [索取号:G852.11/109] | 在馆 |